000 00637nam a2200253Ia 4500
005 20260121154914.0
008 008 260114s9999 xx 000 0 eng d
020 _a9780367363444
037 _aEBOOK
040 _aCRL
040 _beng
040 _cCRL
041 _2eng
041 _aeng
084 _qCRL
100 _a Jay Fagan; Jessica Pearson
_91012943
245 0 _aNew Research on Parenting Programs for Low-Income Fathers
260 _bTaylor and Francis
260 _c2021
856 _uhttp://www.taylorfrancis.com/books/9780367363444
942 _cEBOOK
999 _c1579762
_d1579762